| 000 -ლიდერი |
| ფიქსირებული სიგრძის საკონტროლო ველი |
01186nam a2200253Ia 4500 |
| 001 - საკონტროლო ნომერი |
| საკონტროლო ველი |
14024 |
| 003 - საკონტროლო ნომრის იდენტიფიკატორი |
| საკონტროლო ველი |
GE_BSU |
| 005 - ბოლო ოპერაციის თარიღი და დრო |
| საკონტროლო ველი |
20241017115517.0 |
| 008 - ფიქსირებული სიგრძის მონაცემთა ელემენტები - ზოგადი ინფორმაცია |
| ფიქსირებული სიგრძის საკონტროლო ველი |
181216s2013||||ge |||||||||||||| ||geo|| |
| 020 ## - წიგნის საერთაშორისო სტანდარტული ნომერი |
| International Standard Book Number |
9789941220555 |
| 040 ## - კატალოგიზაციის წყარო |
| Transcribing agency |
GE_BSU |
| 041 ## - ენის კოდი |
| Language code of text/sound track or separate title |
geo |
| 080 ## - უნივერსალური ათობითი კლასიფიკაციის ინდექსი |
| Universal Decimal Classification number |
368.371(075.8)+519.23 ს-45 |
| 100 ## - მთავარი ჩანაწერი - პიროვნების სახელი |
| Personal name |
სვანიძე, ნინო |
| 9 (RLIN) |
13337 |
| 245 ## - ცნობა სათაურის შესახებ |
| Title |
სადაზღვეო მათემატიკის საფუძვლები : |
| Remainder of title |
(აქტუარული ანგარიშები) / |
| Statement of responsibility, etc |
ნინო სვანიძე, ასიე ცინცაძე ; რედ. : ნატო კაკაშვილი. |
| 264 ## - წარმოების, გამოცემის, დისტრიბუციის და სხვა ცნობები |
| გამოცემის, წარმოების, დისტრიბუციის... ადგილი |
თბილისი : |
| გამოცემის, წარმოების, დისტრიბუციის... სახელწოდება |
უნივერსალი, |
| გამოცემის, წარმოების, დისტრიბუციის... თარიღი |
2013. |
| 300 ## - ფიზიკური აღწერა |
| Extent |
217 გვ. ; |
| Dimensions |
26 სმ. |
| 653 ## - INDEX TERM--UNCONTROLLED |
| Uncontrolled term |
სადაზღვეო მათემატიკის საფუძვლები |
| 653 ## - INDEX TERM--UNCONTROLLED |
| Uncontrolled term |
(აქტუარული ანგარიშები) |
| 700 ## - ADDED ENTRY--PERSONAL NAME |
| Personal name |
ცინცაძე, ასიე |
| Relator term |
ავტორი |
| 9 (RLIN) |
12504 |
| 700 ## - ADDED ENTRY--PERSONAL NAME |
| Personal name |
კაკაშვილი, ნატო |
| Relator term |
რედაქტორი |
| 9 (RLIN) |
13338 |
| 942 ## - ADDED ENTRY ELEMENTS (KOHA) |
| Koha item type |
წიგნი |
| Source of classification or shelving scheme |
|